[Event "2025 Spring TNM: u1600"]
[Site "San Francisco"]
[Date "2025.03.11"]
[Round "2.26"]
[White "Wickliffe, Zachary"]
[Black "Hack, Richard"]
[Result "1-0"]
[Annotator "Hack,Richard"]
[WhiteElo "1260"]
[BlackElo "1500"]
[PlyCount "37"]
[GameId "2154884692705544"]
[EventDate "2025.??.??"]

1. e4 c5 2. Nc3 d6 3. Nge2 Nc6 {I really meant to play 3... Nf6, then ... a6 after the likely pawn exchange on d4. However, I didn't get ... a6 in until the 8th move, and it turned out to be a game similar to my 2nd round in the last TNM where simple early mistakes cost me the point. My esteemed opponent kept up the pressure throughout.} 4. d4 cxd4 5. Nxd4 Nf6 {Just ... Bd7 would have been simpler.} 6. Bg5 e6 7. Bb5 Bd7 8. Qd2 a6 9. Ba4 h6 10. Nxc6 bxc6 {And ... Bxc6 would have been simpler.} 11. Bh4 g5 12. Bg3 d5 13. Be5 Rg8 14. O-O-O Ng4 15. Bg3 Bg7 16. exd5 cxd5 17. Nxd5 Bxa4 {If 17... exd5; 18. Rhe1+, Kf8; 19. Bd6+ wins the queen, and 17... Ne5; 18. Bxe5, Bxe5; 19. Rxe5+ wins the d5 pawn, the d7 bishop, and probably the queen, too.} 18. Nc7+ Ke7 19. Qb4+ 1-0

[Event "2025 Spring TNM: u1600"]
[Site "San Francisco"]
[Date "2025.03.11"]
[Round "2.27"]
[White "Vazquez, Dominic A"]
[Black "Fisher, Brett"]
[Result "0-1"]
[WhiteElo "1206"]
[BlackElo "1376"]
[PlyCount "102"]
[GameId "2154884692709641"]
[EventDate "2025.??.??"]

1. e4 c5 2. c3 d5 3. exd5 Qxd5 4. d4 Nc6 5. Nf3 Nf6 6. Na3 a6 7. c4 Qd8 8. d5 Na7 9. Be2 e6 10. dxe6 Qxd1+ 11. Bxd1 Bxe6 12. O-O Be7 13. Be3 O-O 14. Ng5 Bf5 15. Nf3 Rfd8 16. Be2 Rd7 17. Ne5 Rdd8 18. Bf3 Nd7 19. Nxd7 Rxd7 20. Bd5 Bf6 21. Bxc5 Bxb2 22. Rad1 Rad8 23. Nb1 Nc6 24. h3 Ne5 25. Bb6 Rc8 26. g4 Bg6 27. f4 Bxb1 28. Rxb1 Nd3 29. Rf3 Rd6 30. Rxd3 Rxb6 31. Kg2 Bd4 32. Rxb6 Bxb6 33. Rb3 Bd8 34. Rxb7 Rc7 35. Rb8 Rd7 36. Kf3 Kf8 37. Ke4 Ke7 38. c5 Ra7 39. c6 a5 40. Bxf7 Bc7 41. Rb7 Rxb7 42. cxb7 Kxf7 43. Kf5 g6+ 44. Ke4 Ke6 45. h4 h5 46. g5 Bb8 47. a3 Bd6 48. a4 Bb8 49. Kf3 Kf5 50. Kg3 Bxf4+ 51. Kf3 Bb8 0-1

[Event "2025 Spring TNM: u1600"]
[Site "San Francisco"]
[Date "2025.03.11"]
[Round "2.29"]
[White "Le, Thu Anh"]
[Black "Singer, Andrew"]
[Result "1-0"]
[Annotator "Le,Thu Anh"]
[WhiteElo "1204"]
[BlackElo "1044"]
[PlyCount "55"]
[GameId "2154884692709643"]
[EventDate "2025.??.??"]

1. d4 Nf6 2. c4 c5 3. d5 d6 4. Nc3 g6 5. e4 Bg7 6. h3 O-O 7. Bd3 e6 8. Nf3 Na6 9. a3 exd5 10. cxd5 Nc7 11. O-O Re8 12. Bg5 {My prep ends here. At this point White should have a comfortable +1-ish advantage.} Qd7 13. Qd2 {Decided to follow through with trading the DSB. I also considered Qe2 or a4 to stop ...b5} (13. Qe2) (13. a4 {I wasn't sure about giving Black's knight an outpost on b4.}) 13... c4 (13... b5) 14. Bxc4 (14. Bxf6 Bxf6 15. Bxc4 Bg7 {White wins a pawn here, but Black gets good counterplay with the DSB. So I thought I'd rather trade out and weaken their K-side.}) 14... Nxe4 15. Nxe4 Rxe4 16. Ba2 b6 17. Bh6 (17. Rfe1) 17... Bb7 (17... Ba6 {Much better eye-sight.}) 18. Bxg7 Kxg7 19. Rfe1 (19. Ng5 Re7 20. Qd4+ Kg8 21. Ne4 {Looks strong for White.}) 19... Rae8 20. Rxe4 Rxe4 21. Rc1 Re7 22. Qd4+ f6 23. Ng5 $4 {A tempting move, but is actually a blunder. I thought well, if he finds the right sequence, it'd be a draw and if he doesn't, then I win. But there is a win for Black $1} (23. Qd3 Qa4) 23... h6 {Black missed the win here.} (23... Nb5 24. Ne6+ Rxe6 {I calculated this sequence and concluded that it's winning for White. However, I missed ...QxNe6 $1} (24... Qxe6 {Black wins a piece here.} 25. dxe6 Nxd4) 25. dxe6) (23... Nxd5 {I also saw this sequence and thought it would be a draw.} 24. Bxd5 Bxd5 25. Qxd5 fxg5 26. Qxg5) (23... Re5 {Cutting off the pin doesn't work because White gets the passed pawn through.} 24. Ne6+) 24. Ne6+ (24. Rxc7 Qxc7 25. Ne6+ Rxe6 26. dxe6 {Fancy, but relieves all pressure for Black.}) 24... Nxe6 25. dxe6 Qb5 $4 (25... Qd8 26. Bd5 (26. Re1) (26. Rd1 d5 27. Qa4) 26... Bxd5 27. Qxd5) 26. Qxd6 $1 Qe8 27. Rc7 Kf8 28. Rxb7 1-0

[Event "2025 Spring TNM: u1600"]
[Site "San Francisco"]
[Date "2025.03.11"]
[Round "2.30"]
[White "Lee, Yinpok R"]
[Black "Turner, Robert"]
[Result "1-0"]
[Annotator "Winslow,Elliott"]
[WhiteElo "935"]
[BlackElo "1200"]
[PlyCount "89"]
[GameId "2154884692713740"]
[EventDate "2025.??.??"]

1. b4 e5 2. Bb2 Bxb4 3. Bxe5 Nf6 4. c4 O-O 5. e3 d5 6. Nf3 Nc6 7. Bb2 Bg4 8. Be2 dxc4 9. Nc3 Re8 10. O-O Qe7 11. Bxc4 Bxf3 12. Qxf3 Ne5 13. Qe2 Nxc4 14. Qxc4 Rad8 15. a3 {[#]} Rxd2 16. axb4 Rxb2 17. Rfb1 Rxb1+ 18. Rxb1 Rd8 19. Rd1 Rxd1+ 20. Nxd1 Ne4 21. Qd4 Qd6 22. f3 Qxd4 23. exd4 Nd6 24. Kf2 Kf8 25. Ke3 Ke7 26. Kf4 Ke6 27. Nc3 c6 28. g4 Nb5 29. Nxb5 cxb5 30. Ke4 a5 $5 31. bxa5 b4 32. d5+ Kd6 33. Kd4 b3 $1 34. Kc3 b2 35. Kxb2 Kxd5 36. Kb3 Kc5 37. Ka4 f6 38. h4 g6 39. f4 {[#]} h5 $4 40. f5 $1 $11 Kd6 $4 (40... gxf5 41. gxh5 f4 42. h6 f3 43. h7 f2 44. h8=Q f1=Q $11) 41. fxg6 Ke7 42. gxh5 f5 43. Kb4 f4 44. Kc4 f3 45. Kd3 1-0

[Event "2025 Spring TNM: u1600"]
[Site "San Francisco"]
[Date "2025.03.11"]
[Round "2.32"]
[White "Starr, Albert Martin"]
[Black "Pirone, John"]
[Result "0-1"]
[WhiteElo "1518"]
[BlackElo "1026"]
[PlyCount "84"]
[GameId "2154884692721934"]
[EventDate "2025.??.??"]

1. b4 e5 2. Bb2 Bxb4 3. Bxe5 Nf6 4. c4 Nc6 5. Bc3 d5 6. e3 O-O 7. Qb3 Bxc3 8. Nxc3 d4 9. Nb5 Re8 10. Be2 a6 11. Nxd4 Nxd4 12. exd4 Qxd4 13. Rc1 Ne4 14. Qe3 c5 15. Qxd4 cxd4 16. d3 Nc3 17. Rc2 Bg4 18. f3 Bd7 19. Kf2 Re7 20. Bf1 Rae8 21. Ne2 Nd1+ 22. Kg3 Ne3 23. Nxd4 Nxc2 24. Nxc2 Ba4 25. Nb4 Re1 26. d4 Rb1 27. Nd3 Bc2 28. Nf2 Ree1 29. Bd3 Bxd3 30. Rxe1 Rxe1 31. Nxd3 Rd1 32. Nc5 Rxd4 33. a3 Rxc4 34. Nxb7 Ra4 35. Kf2 Rxa3 36. Nc5 Ra2+ 37. Kg3 a5 38. f4 a4 39. Ne4 a3 40. Kf3 Rc2 41. Ke3 a2 42. Kd3 Rxg2 0-1

[Event "2025 Spring TNM: u1600"]
[Site "San Francisco"]
[Date "2025.03.11"]
[Round "2.33"]
[White "Fitzgerald, William"]
[Black "Blum, Paul"]
[Result "1/2-1/2"]
[WhiteElo "1311"]
[BlackElo "1016"]
[PlyCount "105"]
[GameId "2154884692721935"]
[EventDate "2025.??.??"]

1. e4 d6 2. Nf3 Nf6 3. Nc3 g6 4. d4 c6 5. Bg5 Bg7 6. e5 dxe5 7. dxe5 Qxd1+ 8. Rxd1 Ng4 9. Bf4 Nd7 10. e6 Bxc3+ 11. bxc3 fxe6 12. Bc4 Rf8 13. Bg3 e5 14. h3 Nxf2 15. Bxf2 e4 16. Ng5 Ne5 17. Be2 Bf5 18. g4 Bd7 19. Bg3 Nf7 20. Nxe4 O-O-O 21. Rf1 h5 22. Nc5 e5 23. Bc4 Ng5 24. Bh4 Rxf1+ 25. Bxf1 Nf3+ 26. Kf2 Nxh4 27. Nxd7 Rxd7 28. Rxd7 Kxd7 29. Kg3 g5 30. gxh5 Ke6 31. Kg4 Kf6 32. Bd3 Ng2 33. h6 Ne3+ 34. Kh5 Nd5 35. h7 Kg7 36. Kxg5 Nxc3 37. Kf5 Nxa2 38. Kxe5 Nb4 39. Be4 a5 40. Kd4 a4 41. Kc3 Nd5+ 42. Kb2 b5 43. Ka3 b4+ 44. Kxa4 Nc3+ 45. Kxb4 Nxe4 46. Kc4 Kxh7 47. Kd4 Ng5 48. Kc5 Nxh3 49. Kxc6 Kg6 50. Kd6 Kf6 51. c4 Nf4 52. c5 Ne6 53. c6 1/2-1/2

[Event "2025 Spring TNM: u1600"]
[Site "San Francisco"]
[Date "2025.03.11"]
[Round "2.34"]
[White "Myers, Steven Lee"]
[Black "Burkhardt, Douglas Alan"]
[Result "0-1"]
[WhiteElo "1196"]
[BlackElo "739"]
[PlyCount "52"]
[GameId "2154884692726032"]
[EventDate "2025.??.??"]

1. e4 c6 2. Bc4 d5 3. exd5 cxd5 4. Bb5+ Nc6 5. d4 a6 6. Ba4 b5 7. Bb3 e6 8. Nf3 Bd6 9. a3 Nge7 10. O-O O-O 11. Bd2 Nf5 12. c3 a5 13. a4 Ba6 14. Re1 Qc7 15. g3 Rab8 16. Ra3 b4 17. cxb4 Nxb4 18. Ra1 Nd3 19. Bc3 Nxf2 20. Qc2 Bxg3 21. Ne5 Nh3+ 22. Kh1 Bxe1 23. Bxe1 Qxc2 24. Bxc2 Rxb2 25. Na3 Ne3 26. Rc1 Bf1 0-1

[Event "2025 Spring TNM: u1600"]
[Site "San Francisco"]
[Date "2025.03.11"]
[Round "2.35"]
[White "Smith, Daniel"]
[Black "Sloan, Sacha Marino"]
[Result "0-1"]
[Annotator "Winslow,Elliott"]
[WhiteElo "1126"]
[BlackElo "660"]
[PlyCount "68"]
[GameId "2154884692726033"]
[EventDate "2025.??.??"]

1. d4 d5 2. c4 e6 3. Nc3 Nf6 4. Bg5 Be7 5. Nf3 c6 6. e3 Nbd7 7. c5 b6 8. Ne5 Nxe5 9. dxe5 Nd7 10. Bxe7 Qxe7 11. cxb6 axb6 12. Qg4 O-O 13. f4 f6 14. Qh4 Qc5 15. Qh3 Re8 16. Bd3 g6 17. exf6 Nxf6 18. O-O e5 {[#]} 19. f5 e4 20. Be2 d4 21. exd4 Qxd4+ 22. Kh1 Bxf5 23. Rxf5 gxf5 24. Qxf5 Qe5 25. Qf2 Nd5 26. Bc4 b5 27. Bb3 Rf8 28. Qc5 Kh8 29. Qxc6 Nxc3 30. Qxc3 Qxc3 31. bxc3 e3 32. g3 Rf2 33. Kg1 Raf8 34. Re1 e2 0-1

[Event "2025 Spring TNM: u1600"]
[Site "San Francisco"]
[Date "2025.03.11"]
[Round "2.36"]
[White "Lopez-Oneal, Owen Michael"]
[Black "Kojevnikov, Alexander"]
[Result "0-1"]
[Annotator "Winslow,Elliott"]
[WhiteElo "618"]
[BlackElo "1045"]
[PlyCount "62"]
[GameId "2154875100389570"]
[EventDate "2025.??.??"]

1. e4 c5 2. c3 d5 3. Bb5+ Bd7 4. Bd3 dxe4 5. Bxe4 Nc6 6. d4 cxd4 7. cxd4 e6 8. Nf3 Nf6 9. Bd3 Bb4+ 10. Nc3 O-O 11. O-O h6 12. Qc2 Ne7 13. Ne4 Ned5 14. a3 Rc8 15. Qe2 Ba5 16. b4 Bb6 17. Bb2 Nf4 18. Qd2 Nxd3 19. Qxd3 a6 20. Ned2 Bb5 21. Qe3 Bxf1 22. Rxf1 Nd5 23. Qb3 Qd6 24. Ne5 Nf6 25. Ndf3 Qd5 26. Qe3 Qe4 27. Re1 Qxe3 28. Rxe3 Nd5 29. Re1 Rc2 30. Bc1 Rfc8 31. Bd2 Bxd4 0-1

[Event "2025 Spring TNM: u1600"]
[Site "San Francisco"]
[Date "2025.03.11"]
[Round "2.37"]
[White "Olson, David R"]
[Black "Agdamag, Samuel"]
[Result "0-1"]
[WhiteElo "1400"]
[BlackElo "1481"]
[PlyCount "58"]
[GameId "2154884692730131"]
[EventDate "2025.??.??"]

1. d4 Nf6 2. c4 g6 3. f3 Bg7 4. Nc3 d6 5. Bf4 O-O 6. e3 Nh5 7. Nge2 Nd7 8. Qc2 e5 9. dxe5 dxe5 10. Bg3 Nxg3 11. hxg3 Qg5 12. f4 exf4 13. gxf4 Qc5 14. O-O-O Qxe3+ 15. Kb1 c6 16. Rh3 Qc5 17. Ne4 Qe7 18. g4 Nc5 19. Nxc5 Qxc5 20. Rg3 Be6 21. Nc1 Rfd8 22. Rxd8+ Rxd8 23. Nb3 Qb4 24. Bd3 Qe1+ 25. Nc1 Qxg3 26. f5 Bc8 27. fxg6 hxg6 28. a3 Bxg4 29. Ka2 Bh5 0-1

[Event "2025 Spring TNM: 2000+"]
[Site "San Francisco"]
[Date "2025.03.18"]
[Round "3.1"]
[White "Dzhanhirov, Dmytro"]
[Black "Cremisi, Daniel"]
[Result "1-0"]
[Annotator "Winslow,Elliott"]
[WhiteElo "2235"]
[BlackElo "2388"]
[PlyCount "145"]
[GameId "2157324447247455"]
[EventDate "2025.??.??"]

{An epic and impossibly difficult struggle on Board 1: Bishops of opposite colors with rooks, limited pawns, subtle timing issues, theoretical endgame questions -- and the last game to finish.} 1. e4 {[%emt 0:00:25]} e6 {[%emt 0:00:22]} 2. d4 {[%emt 0:00:38]} d5 {[%emt 0:00:03]} 3. e5 {[%emt 0:00:09]} c5 {[%emt 0:00:13]} 4. Nf3 cxd4 {[%emt 0:00:04]} 5. Qxd4 {[%emt 0:00:06]} Nc6 {[%emt 0:00:34]} 6. Qf4 {[%emt 0:00:17]} Nge7 {[%emt 0:02:39]} 7. Bd3 {[%emt 0:00:18]} Ng6 {[%emt 0:00:44]} 8. Bxg6 {[%emt 0:00:07]} hxg6 {[%emt 0:00:24] Black is slightly better. (-0.22/20)} 9. O-O {[%emt 0:00:13] [#]} Be7 $146 {[%eval 13,26] [%wdl 33,954,13] [%emt 0:02:36]} ({Predecessor:} 9... f6 $142 {-0.15/23} 10. Qg3 Kf7 11. c4 dxc4 (11... Rh5 {-0.08/19}) 12. Bf4 Be7 $2 (12... Ne7 $15) 13. Nc3 Qb6 $6 14. Ne4 Qxb2 15. exf6 gxf6 {1-0 Schleef,H-Skowronek,J Theme 22307-G1 freechess.de 2020} 16. Bd6 $1 $16) 10. c4 {[%emt 0:10:47]} dxc4 {[%emt 0:06:54]} 11. Nc3 {[%emt 0:00:53][%cal Of1d1]} Qa5 {[%emt 0:11:04]} 12. Ne4 {[%eval -25,27] [%wdl 7,944,49] [%emt 0:06:13]} (12. Rd1 $142 {[%eval 16,29] [%wdl 34,956,10]}) 12... Rh5 {[%emt 0:04:49][%cal Rc6e5]} 13. Bd2 {[%emt 0:18:50][%cal Bc1d2,Bd2a5,Ba5c3,Bc3d4] [#] White sacrificed a pawn} Rf5 $1 {[%emt 0:07:06] Deflection} 14. Qg4 {[%emt 0:16:45]} Nxe5 {[%emt 0:11:42]} 15. Qxf5 $8 {[%emt 0:03:34]} gxf5 {[%emt 0:03:50]} 16. Bxa5 {[%emt 0:00:34]} Nxf3+ {[%eval 48,28] [%wdl 48,952,0] [%emt 0:00:23]} (16... Nc6 $11 {[%eval -24,24] [%wdl 1,986,13]} 17. Bc3 fxe4) 17. gxf3 $14 {[%emt 0:00:07]} fxe4 {[%emt 0:00:07]} 18. fxe4 {[%emt 0:00:11] [#]} Bd7 {[%emt 0:00:27]} (18... e5) (18... b6) 19. Bc3 {[%emt 0:00:46]} f6 {[%emt 0:00:48]} 20. Bd4 {[%emt 0:01:37]} a6 {[%emt 0:01:30]} 21. f3 {[%emt 0:00:48]} e5 {[%emt 0:04:27]} 22. Be3 {[%emt 0:00:15]} Kf7 {[%emt 0:00:29] [#]} 23. Kf2 $6 {[%emt 0:01:03]} (23. Rfd1 $11) 23... Rh8 {[%emt 0:00:59]} 24. Rh1 {[%emt 0:00:23]} g6 {[%emt 0:01:09]} (24... f5 $142) 25. h4 {[%emt 0:12:00][%cal Bh2h4,Bh4h5,Bh5h6]} b5 {[%emt 0:01:52]} 26. a3 {[%emt 0:01:10]} Bc6 {[%emt 0:01:04]} 27. Ke2 {[%emt 0:06:01]} f5 {[%emt 0:01:47]} 28. exf5 {[%emt 0:01:35]} gxf5 {[%emt 0:00:04][%cal Of5f4]} 29. h5 {[%emt 0:04:07] [#]} Bf6 $2 {[%eval 257,22] [%wdl 1000,0,0] [%emt 0:01:22]} (29... f4 $1 $14 {[%eval 34,29] [%wdl 20,980,0]} 30. Bb6 Rh6 {0.13/28}) 30. Rad1 $18 {[%emt 0:03:46]} Ke6 {[%emt 0:04:23]} 31. Bc5 {[%emt 0:02:12]} Bd5 {[%emt 0:00:09]} 32. h6 {[%emt 0:01:06]} Rh7 {[%emt 0:02:06]} 33. Rh2 {[%emt 0:02:32]} f4 {[%eval 373,23] [%wdl 1000,0,0] [%emt 0:05:28]} (33... a5 {[%eval 242,26] [%wdl 1000,0,0]} 34. Rh5 Rd7) 34. Bb4 {[%emt 0:00:34]} Bg5 {[%emt 0:10:33]} 35. Rg1 {[%emt 0:02:12]} Bf6 {[%emt 0:01:05]} 36. Bc3 {[%emt 0:00:41]} Ke7 {[%emt 0:04:24]} 37. Rd1 {[%emt 0:00:42]} Ke6 {[%emt 0:01:00]} 38. Rh5 {[%emt 0:00:19]} Bc6 {[%emt 0:01:37]} 39. Bb4 {[%emt 0:00:49]} Bd5 {[%emt 0:00:21]} 40. Kf2 {[%emt 0:00:18]} Bd8 {[%emt 0:05:42]} 41. Bf8 {[%emt 0:01:42]} Bb6+ {[%emt 0:00:26]} 42. Ke2 {[%emt 0:01:24]} Bd4 {[%emt 0:00:14] [#]} 43. Rd2 $6 {[%emt 0:01:59]} (43. Rg5 $18) (43. Bg7 $5 Bxb2 44. Rg1 Ke7 45. Bxe5 $18) 43... a5 $16 {[%emt 0:01:29]} 44. Bg7 {[%emt 0:00:30]} c3 $6 {[%eval 209,33] [%wdl 998,2,0] [%emt 0:01:48] [#]} (44... b4 $16 {[%eval 135,30] [%wdl 885,115,0] keeps fighting.}) (44... b4 45. Rg5 bxa3 46. bxa3 c3 47. Rxd4 exd4 48. Re5+ Kd6 49. Kd3 Bxf3 50. Rf5 c2 51. Rf6+ Ke5 52. Kxc2 $18) 45. Rxd4 $2 {[%eval 56,32] [%wdl 70,930,0] [%emt 0:00:50]} (45. bxc3 $18 {[%eval 209,33] [%wdl 998,2,0]} Bxc3 46. Rg5 $1 $18 (46. Rc2)) 45... exd4 $16 {[%emt 0:00:35]} 46. bxc3 {[%emt 0:00:07]} dxc3 {[%emt 0:00:42]} 47. Bxc3 {[%emt 0:00:04]} Bc4+ $2 {[%eval 200,34] [%wdl 998,2,0] [%emt 0:01:01]} (47... b4 {[%eval 59,41] [%wdl 75,925,0]} 48. axb4 axb4 (48... Bc4+ $6 49. Kf2 (49. Ke1 axb4 50. Bg7 b3 51. Re5+ Kd6 (51... Kd7 52. Kd2 b2 53. Kc2) 52. Re8 $18) 49... axb4 50. Bxb4 Bd3) 49. Bg7 b3 50. Kf2 Bc4 51. Re5+ Kd7 52. Re1 Kc6 $14) 48. Kf2 {[%eval 56,34] [%wdl 66,934,0] [%emt 0:00:30]} (48. Ke1 $1 $18 {[%eval 200,34] [%wdl 998,2,0]}) 48... b4 $1 $14 {[%emt 0:00:56] [#]} 49. axb4 {[%emt 0:00:59]} axb4 {[%emt 0:00:07]} 50. Bxb4 {[%eval 19,33] [%wdl 7,992,1] [%emt 0:00:11]} (50. Bg7 $1 $14 {[%eval 64,33] [%wdl 99,901,0]}) 50... Bd3 $1 $11 {[%emt 0:00:16]} 51. Bf8 {[%emt 0:00:26]} Rb7 {[%emt 0:00:14]} 52. Bg7 {[%emt 0:00:34]} Bh7 {[%emt 0:00:36]} 53. Re5+ {[%emt 0:00:25]} Kf7 {[%emt 0:00:14]} 54. Ra5 {[%emt 0:00:27]} Rc7 {[%emt 0:01:55]} (54... Kg6 $11 {0.00}) 55. Kg2 {[%emt 0:00:27]} Rc1 $2 {[%eval 134,26] [%wdl 889,111,0] [%emt 0:00:37] [#]} (55... Rd7 $11 {[%eval 16,42] [%wdl 6,993,1]}) 56. Ra7+ {[%eval 17,38] [%wdl 6,993,1] [%emt 0:01:04]} (56. Be5 $1 $16 {[%eval 134,26] [%wdl 889,111,0]}) 56... Kg8 $2 {[%eval 212,27] [%wdl 999,1,0] [%emt 0:00:15]} (56... Kg6 $1 $11 {[%eval 17,38] [%wdl 6,993,1] and Black is okay.}) 57. Ra8+ $6 {[%emt 0:00:13]} (57. Be5 $1 Rc2+ 58. Kh3 Bf5+ 59. Kh4 $18) 57... Kf7 $16 {[%emt 0:00:02]} 58. Rf8+ {[%emt 0:00:06]} Kg6 {[%emt 0:00:16] [#]} 59. Rxf4 $14 {[%eval 28,40] [%wdl 12,988,0] [%emt 0:00:08]} (59. Rh8 $1 $16 {[%eval 95,29] [%wdl 430,570,0]}) 59... Rc5 {[%emt 0:00:12]} 60. Rb4 {[%emt 0:01:07]} Rc2+ $6 {[%eval 123,28] [%wdl 804,196,0] [%emt 0:00:39]} (60... Bg8 $11 {[%eval 25,37] [%wdl 9,991,0]}) 61. Kg3 $16 {[%emt 0:00:16]} Rc7 $2 $18 {[%eval 430,27] [%wdl 1000,0,0] [%emt 0:00:35][%mdl 8192]} (61... Rc1 $16 {[%eval 123,38] [%wdl 802,198,0] is more resistant.} 62. Rb6+ Kh5) 62. Rb6+ {[%emt 0:00:26]} (62. f4 $1) 62... Kf7 {[%emt 0:00:07]} 63. Kg4 {[%emt 0:00:33]} Bd3 $6 {[%emt 0:00:42]} (63... Rc1) 64. f4 {[%emt 0:00:32][%cal Bf3f4,Bf4f5] f5 would now be deadly.} Be4 {[%eval 1071,21] [%wdl 1000,0,0] [%emt 0:01:55]} (64... Rc4 $142 {[%eval 504,28] [%wdl 1000,0,0]} 65. Be5 Rc1 66. Rb7+ Ke6) 65. Rf6+ $18 {[%emt 0:00:56]} (65. f5) 65... Kg8 {[%emt 0:00:33]} 66. Rf8+ {[%emt 0:00:19]} Kh7 {[%emt 0:00:01]} 67. f5 {[%emt 0:00:22][%csl Gg7][%cal Rf8h8]} (67. Kg5 {#18}) 67... Rc8 $5 {[%emt 0:00:28] [#]} 68. Rf6 {[%eval 1166,26] [%wdl 1000,0,0] [%emt 0:00:20]} (68. Rxc8 $4 Bxf5+ 69. Kxf5 $11) (68. Rf7 $142 {[%eval 32726,30] [%wdl 1000,0,0]} Kg8 69. Re7 Bd5 70. Be5 Bf7 71. h7+) 68... Bc2 {[%emt 0:00:43]} 69. Kg5 {[%emt 0:00:27]} Bb1 {[%emt 0:00:49]} 70. Rb6 {[%emt 0:00:27]} Be4 {[%emt 0:00:10]} 71. Re6 {[%emt 0:00:14]} Bd3 {[%emt 0:00:26]} 72. Re7 {[%emt 0:00:29]} Kg8 {[%emt 0:01:18]} 73. Bf6 {[%emt 0:00:25] Weighted Error Value: White=0.26/Black=0.38} 1-0